Coupe du Monde 1986: Un joueur, une équipe - Statistiques

Statistiques générales
  • Ce quiz a été pris 81 fois
  • Le résultat moyen est 20 sur 24
Statistiques - réponses
Réponse % Correct
Allemagne de l'Ouest
100%
Argentine
100%
France
100%
Angleterre
99%
Brésil
97%
Corée du Sud
97%
Danemark
94%
Algérie
93%
Espagne
93%
Italie
91%
Bulgarie
89%
Belgique
87%
URSS
86%
Mexique
84%
Pologne
81%
Ecosse
80%
Uruguay
79%
Paraguay
73%
Portugal
73%
Irlande du Nord
71%
Maroc
70%
Hongrie
69%
Irak
64%
Canada
61%
Aucun quiz correspondant
Distribution des résultats
% des personnes avec chaque résultat
Percentile par nombre de réponses
Votre historique - résultats
Vous n’avez pas pris ce quiz